000 02167nam a2200349 i 4500
001 193227
003 SpMaBN
005 20250804062654.0
007 ta
008 210929s2020 sp | |||| 000 f spa
017 _aM 7797-2020
_bOficina Depósito Legal Madrid
020 _a9788491648352
035 _aa6951340
040 _aSpMaBN
_bspa
_cSpMaBN
_erda
080 _a821.134.2-31"20"
100 _aGarcía Mateache, Aurora,
_d1982-
_4aut
_eaut
_9234262
245 1 3 _aLa finca /
_cAurora García Mateache
250 _aPrimera edición: julio de 2020
264 1 _aMadrid :
_bLa Esfera de los Libros,
_c2020
300 _a426 páginas ;
_c23 cm
336 _aTexto
_2rdacontent
337 _asin mediación
_2rdamedia
338 _avolumen
_2rdacarrier
520 _aUnas señas en un posavasos con una palabra indescifrable y un dibujo de dos siluetas femeninas cambiará para siempre el destino de la joven periodista Claudia Abril. Recién designada corresponsal de la Casa del Rey, en un viaje del jefe de Estado a Rusia conocerá a Mod, una misteriosa y excéntrica heredera de una de las familias más ricas y poderosas del país. Mod le abrirá las puertas de un mundo completamente desconocido para ella, con atardeceres en safaris de caza en medio de la sabana africana, veladas en casinos de alta mar en el Golfo Pérsico y fiestas en las que nunca amanece. Claudia, envuelta en una dulce e inquietante nebulosa y atada a un amor fatídico, quedará atrapada como una pieza más de una partida de ajedrez, que involucrará a los poderes del Estado, orquestada por una familia poseída por el orgullo, la traición y la obsesión con Amalur, la finca alrededor de la cual todo gira y se destruye.
655 0 _aNovelas
_9234319
852 _aES-MaACL
_bR. 154622
_cDEPOJ
_jN-9388
_9200648
_hDonación: Editorial
_xEncuadernación rústica con solapas
942 _n0
_cMONOGRAFIA
999 _c193227
_d193227